| 000 | 00819nam a22002177a 4500 | ||
|---|---|---|---|
| 005 | 20250805155656.0 | ||
| 010 | _aB-769501-524 BACEN25 ENG-146349 | ||
| 020 |
_a9789361561320 _c395.00 |
||
| 035 | _aB-769501-524 | ||
| 035 | _a EN-129881 | ||
| 037 | _bSunnvik | ||
| 037 | _bDBAD | ||
| 082 |
_21 _a954.13 |
||
| 100 |
_aRaghuvanshi, Umesh _983803 |
||
| 245 |
_aAyodhya: _bThe Gods are Liberated/ _cby Umesh Raghuvanshi |
||
| 260 |
_aNew Delhi _bRupa Publications _c2024 |
||
| 270 |
_a7/16, Ansari Road, Daryaganj _bNew Delhi _e110002 |
||
| 300 |
_a265p. _c21cm(pb) |
||
| 942 |
_2ddc _cEN _h954.13 _mRAG _e1 |
||
| 999 |
_c209291 _d209291 |
||